00431nam a2200145 a 4500008004100000050001700041100002100058245003600079246005600115260003800171300001600209350000900225650001300234650003800247120416s1982 ||||||||||||||||| || u aHC 254.5 Mac aMcKendrick, Neil14aThe birth of a consumer society athe commercialization of eighteenth century England aLondonbEuropa Publicationsc1982 aviii, 345p. a0.00 0aBUSINESS aCONSUMER BEHAVOIUR--GREAT BRITAIN